广西壮族自治区下辖县级行政区地图 County-level administrative divisions of Guangxi - Statistics

General Stats
  • This quiz has been taken 801 times
  • The average score is 53 of 111
Answers on the Map
Answers color-coded by a green-red scale on the quiz's map according to % correct below.
 
Answer Stats
县级类 地名 % Correct
县级市 东兴市
74%
阳朔县
74%
市辖区 防城区
70%
合浦县
68%
县级市 凭祥市
65%
县级市 平果市
63%
县级市 桂平市
63%
县级市 横州市
63%
柳城县
62%
市辖区 柳江区
61%
市辖区 邕宁区
61%
市辖区 金城江区
60%
市辖区 武鸣区
60%
市辖区 钦南区
60%
藤县
60%
市辖区 临桂区
59%
苍梧县
59%
全州县
58%
市辖区 青秀区
58%
市辖区 七星区
57%
市辖区 柳南区
57%
市辖区 西乡塘区
57%
市辖区 钦北区
57%
自治县 巴马瑶族自治县
56%
市辖区 柳北区
56%
自治县 三江侗族自治县
56%
市辖区 宜州区
55%
市辖区 江南区
55%
宾阳县
55%
博白县
54%
市辖区 铁山港区
53%
市辖区 叠彩区
53%
市辖区 象山区
53%
自治县 龙胜各族自治县
53%
县级市 北流市
53%
县级市 荔浦市
52%
鹿寨县
52%
市辖区 田阳区
51%
田林县
51%
市辖区 港口区
51%
市辖区 港北区
51%
市辖区 右江区
50%
田东县
50%
市辖区 银海区
50%
市辖区 港南区
50%
市辖区 八步区
50%
县级市 靖西市
49%
自治县 恭城瑶族自治县
49%
县级市 岑溪市
49%
上思县
48%
自治县 隆林各族自治县
47%
兴安县
47%
马山县
47%
浦北县
47%
市辖区 海城区
46%
平南县
46%
自治县 融水苗族自治县
46%
市辖区 良庆区
46%
西林县
45%
自治县 罗城仫佬族自治县
45%
市辖区 兴宾区
45%
市辖区 鱼峰区
45%
融安县
45%
天等县
44%
灵山县
44%
市辖区 玉州区
44%
那坡县
43%
资源县
43%
钟山县
43%
容县
43%
市辖区 江州区
42%
扶绥县
42%
灵川县
42%
南丹县
42%
自治县 环江毛南族自治县
42%
陆川县
42%
宁明县
41%
灌阳县
41%
象州县
41%
市辖区 城中区
41%
德保县
40%
乐业县
40%
龙州县
40%
市辖区 覃塘区
40%
自治县 大化瑶族自治县
40%
自治县 都安瑶族自治县
40%
县级市 合山市
40%
市辖区 兴宁区
40%
兴业县
40%
天峨县
39%
市辖区 平桂区
39%
大新县
38%
市辖区 秀峰区
38%
市辖区 雁山区
38%
上林县
38%
永福县
37%
忻城县
37%
隆安县
37%
市辖区 福绵区
37%
凌云县
35%
平乐县
35%
东兰县
35%
自治县 金秀瑶族自治县
35%
昭平县
34%
自治县 富川瑶族自治县
34%
市辖区 龙圩区
34%
武宣县
33%
蒙山县
33%
市辖区 长洲区
31%
凤山县
30%
市辖区 万秀区
27%
No matching quizzes found
Score Distribution
Percent of People with Each Score
Percentile by Number Answered
Your Score History
You have not taken this quiz